000 00397pab a2200157 454500
008 180718b2013 xxu||||| |||| 00| 0 eng d
100 _aBeyer, Peter
245 _aQuestioning the secular/religious divide in a post-Westphalian world
260 _c2013
300 _ap.663-679.
362 _aNov
650 _aReligion
773 _aInternational Sociology
908 _aN
909 _a103401
999 _c103397
_d103397